Classement des 50 meilleures nations aux foot - Statistiques

Statistiques générales
  • Ce quiz a été pris 788 fois
  • Le résultat moyen est 34 sur 50
Statistiques - réponses
Classement Réponse % Correct
1 🇦🇷 Argentine
99%
2 🇫🇷 France
99%
5 🇧🇷 Brésil
97%
3 🇪🇸 Espagne
96%
13 🇩🇪 Allemagne
93%
14 🇲🇦 Maroc
93%
8 🇵🇹 Portugal
93%
4 🏴󠁧󠁢󠁥󠁮󠁧󠁿 Angleterre
91%
10 🇮🇹 Italie
91%
6 🇧🇪 Belgique
89%
46 🇩🇿 Algérie
87%
7 🇳🇱 Pays Bas
86%
18 🇯🇵 Japon
81%
15 🇨🇭 Suisse
80%
40 🇨🇦 Canada
78%
12 🇭🇷 Croatie
78%
19 🇸🇳 Sénégal
78%
33 🇷🇺 Russie
77%
29 🇸🇪 Suède
76%
11 🇺🇾 Uruguay
76%
17 🇲🇽 Mexique
74%
50 🇳🇴 Norvège
74%
28 🇵🇱 Pologne
73%
9 🇨🇴 Colombie
72%
24 🇦🇺 Australie
71%
41 🇹🇳 Tunisie
71%
23 🇰🇷 Corée du Sud
68%
43 🇨🇱Chili
67%
21 🇩🇰 Danemark
66%
36 🇪🇬 Egypte
66%
26 🇹🇷 Turquie
65%
25 🇺🇦 Ukraine
64%
16 🇺🇸 Etats Unis
63%
22 🇦🇹 Autriche
61%
38 🇨🇮 Cote d'ivoire
55%
31 🇭🇺 Hongrie
55%
32 🇷🇸 Serbie
53%
42 🇵🇪 Pérou
52%
45 🇷🇴 Roumanie
52%
44 🇸🇰 Slovaquie
52%
48 🏴󠁧󠁢󠁳󠁣󠁴󠁿 Ecosse
51%
47 🇨🇿 République Tchèque
47%
27 🇪🇨 Equateur
45%
39 🇳🇬 Nigéria
45%
37 🇻🇪 Venezuela
43%
30 🏴󠁧󠁢󠁷󠁬󠁳󠁿 Pays de Galles
42%
20 🇮🇷 Iran
41%
34 🇶🇦 Qatar
40%
49 🇨🇷 Costa Rica
35%
35 🇵🇦 Panama
30%
Aucun quiz correspondant
Distribution des résultats
% des personnes avec chaque résultat
Percentile par nombre de réponses
Votre historique - résultats
Vous n’avez pas pris ce quiz